00877nam a2200241Ia 4500001000600000003000900006008004100015040001300056040001300069041001300082100002400095100002900119245009900148245008100247250001100328260001100339260001100350260004900361300005700410500011000467650002700577650003100604H5700IT-RoPAU130308s9999 xx 000 0 und d aIT-RoPAU cIT-RoPAU aITALIANO aSperandini Maurizio gCodice Aut. SPICS: 58201 aCinema/Fiction/Tecnologia digitale. Aziende e mercato in Italia. Un caso concreto: Cinecittà bScience Plus Fiction. La Fantascienza tra Antiche visioni e nuove Tecnologie a1a ed. aTORINO bLindau c2001 [1° Ed.:2001 - Ed.Ling.Originale:2001] a"9 p. (prefazione: no ; testo: 9 [pagine: 121-129])" aCinecittà. Digitale nel Cinema. Cinecittà Digitale. Il Futuro: Il Digitale Come Mezzo, Non Come Fine. aGENERI CINEMATOGRAFICI eCodice materia Spics: 6810